Nincs más választás. Tófalvi Zoltán stockholmi beszélgetése Veressné Telegdi Magdával és Veress Zoltánnal
Elmentve itt :
| Szerző: | |
|---|---|
| Adatforrás: | Meister |
| Forrásdokumentuma: | Helikon. - 3 sz., 1999, 13-15 p. |
| Nyelv: | magyar |
| Kulcsszavak: | politikai interjú intézménytörténet-interjú könyvkiadók emigráció (erdélyi) erdélyi emigráció emigráció Svédország TELEGDI Magda VERESS Zoltán Erdélyi Könyv Egylet (Stockholm) Svédországi Magyarok Országos Szövetsége (SMOSZ) |
| LEADER | 00807nab a2200241 i 4500 | ||
|---|---|---|---|
| 001 | bibPRO00009799 | ||
| 008 | 060524s1999 xx hun | ||
| 040 | |a Sz1 | ||
| 041 | |a hun | ||
| 100 | 1 | |a TÓFALVI Zoltán | |
| 245 | 1 | 0 | |a Nincs más választás. Tófalvi Zoltán stockholmi beszélgetése Veressné Telegdi Magdával és Veress Zoltánnal |c TÓFALVI Zoltán |
| 695 | |a politikai interjú | ||
| 695 | |a intézménytörténet-interjú | ||
| 695 | |a könyvkiadók | ||
| 695 | |a emigráció (erdélyi) | ||
| 695 | |a erdélyi emigráció | ||
| 695 | |a emigráció | ||
| 695 | |a Svédország | ||
| 695 | |a TELEGDI Magda | ||
| 695 | |a VERESS Zoltán | ||
| 695 | |a Erdélyi Könyv Egylet (Stockholm) | ||
| 695 | |a Svédországi Magyarok Országos Szövetsége (SMOSZ) | ||
| 773 | 0 | |t Helikon. - |g 3 sz., 1999, 13-15 p. | |